Top 10 Songs by Europe - Statistics

General Stats
  • This quiz has been taken 2 times
  • The average score is 2 of 10
Answer Stats
Hint Answer % Correct
1 The Final Countdown
100%
6 Cherokee
50%
3 Rock the Night
50%
2 Carrie
0%
7 Let the Good Times Rock
0%
4 Open Your Heart
0%
9 Seven Doors Hotel
0%
10 Sign of the Times
0%
5 Superstitious
0%
8 Tomorrow
0%
No matching quizzes found
Score Distribution
Percent of People with Each Score
Percentile by Number Answered
Your Score History
You have not taken this quiz